000 00343 a2200157 4500
001 168341
020 _a
040 _cMagnum
100 _aFerreira, Francisco Whitaker
240 1 0 _aPlanejamento sim e nao
_lpor
245 1 0 _aPlanejamento sim e nao
362 0 _a1899
440 1 _aPaz e Terra
697 _aADMINISTRACAO
942 _cBK
999 _c168341
_d168341